Les Lacs du Connemara - Paroles - Statistiques

Statistiques générales
  • Ce quiz a été pris 124 fois
  • Le résultat moyen est 244 sur 303
Statistiques - réponses
Paroles % Correct
d
100%
c
99%
C
99%
du
99%
L
99%
l
99%
la
99%
La
99%
s
99%
a
98%
Connemara
98%
de
98%
De
98%
Des
98%
des
98%
lac
98%
le
98%
Le
98%
les
98%
au
96%
Au
96%
brûlée
96%
lacs
96%
n
96%
Terre
95%
terre
95%
est
93%
vent
93%
Un
92%
un
92%
en
91%
pour
91%
nord
90%
peu
90%
pierres
90%
landes
89%
nuages
89%
printemps
89%
Qu
89%
qui
89%
rivières
89%
vie
89%
vivants
89%
et
88%
Et
88%
noirs
88%
suivant
88%
dans
86%
décor
86%
enfer
86%
ciel
85%
irlandais
85%
Irlandais
85%
viennent
85%
Autour
84%
autour
84%
Colorent
82%
dit
82%
ça
81%
On
81%
on
81%
paix
80%
était
78%
plongé
78%
je
77%
que
77%
Que
77%
il
76%
Maureen
76%
nue
76%
76%
se
76%
oui
74%
une
74%
danse
72%
suis
72%
catholique
71%
Là-bas
71%
Y
71%
y
71%
pas
70%
aussi
69%
église
69%
folie
69%
encore
67%
jour
67%
granit
66%
deux
64%
Ils
64%
Sean
64%
voit
64%
Gallois
63%
Ni
63%
sont
63%
tout
63%
nuits
61%
prix
61%
trois
60%
arrivés
59%
croit
59%
été
59%
jours
59%
silence
59%
accepte
58%
comté
58%
monstres
58%
Aux
57%
aux
57%
celle
57%
sait
56%
temps
56%
Angleterre
55%
avait
55%
chevaux
55%
Croix
55%
éternité
54%
rois
54%
vit
54%
Kelly
53%
boire
52%
feront
52%
Galway
51%
quoi
51%
rythme
49%
replonger
48%
soirs
48%
certains
47%
Connors
46%
guerre
46%
meilleur
45%
ailleurs
44%
hommes
44%
repos
44%
soleil
44%
viendra
44%
âme
43%
près
43%
Limerick
42%
chercher
41%
nager
41%
pluies
41%
venus
41%
cœur
40%
Cromwell
35%
goût
33%
Kerry
31%
of
31%
Gaëls
30%
Tipperary
30%
Flaherty
29%
O'Connolly
29%
Ring
29%
Barry-Connelly
17%
Aucun quiz correspondant
Distribution des résultats
% des personnes avec chaque résultat
Percentile par nombre de réponses
Votre historique - résultats
Vous n’avez pas pris ce quiz